Toutes les Techniques de Goldie Lemmon/Kinako D'Inazuma Eleven - Statistiques

Statistiques générales
  • Ce quiz a été pris 28 fois
  • Le résultat moyen est 5 sur 7
Statistiques - réponses
Réponse Type de quiz Première Utilisation % Correct
Pâte Gluante DEF GO CS
96%
Fulgurante Triple Tornade de Feu TIR FILM 2
83%
Tir Pétri TIR GO CS
83%
Reine des Dragons MIXIMAX GO CS
78%
Amaterasu, Magicienne de l'Aurore Esprit Guerrier GO CS
74%
Illusion Éblouissante DEF GO CS
61%
Flèche de L'Aube DEF GO CS
48%
Aucun quiz correspondant
Distribution des résultats
% des personnes avec chaque résultat
Percentile par nombre de réponses
Votre historique - résultats
Vous n’avez pas pris ce quiz